000 01116cam a2200289 a 4500
005 20080616100023.0
008 070814s2007 ii 001 0 eng
010 _aENG-91532
020 _a0195699351
_c395.00
020 _a9780195699357
_c395.00
035 _aEN-75065
037 _bDBAD / PUB
040 _adpl
_bEnglish
082 _a301
245 _aHistorical anthropology /
_cedited by Saurabh Dube.
260 _aNew Delhi
_bOxford University Press,
_c2007.
270 _aYMCA Library Building , Jai Singh Road,
_bNew Delhi
_e110001
300 _axiv, 435 p. ;
_c23 cm (pbk)
490 _aOxford in India readings in sociology and social anthropology / edited by T.N. madan
500 _aIncludes bibliographical references and index
520 _aContributed articles chiefly with reference to India.
650 _aEthnology
_zIndia.
651 _aIndia
_xCivilization.
700 _aDube, Saurabh.
942 _2ddc
_cEN
_mHIS
_h301
999 _c18113
_d18113